| 000 | 00379nam a2200109Ia 4500 | ||
|---|---|---|---|
| 008 | 171211s9999 xx 000 0 und d | ||
| 245 | _aIn the Pursuit of Winning: Problem Gambling Theory, Research and Treatment | ||
| 245 | _cAlex Blaszczynski, Masood Zangeneh, and Nigel Turner | ||
| 260 | _c2007 | ||
| 650 | _xGAMBLING | ||
| 856 | _uhttp://down.ebook777.com/041/9780387721729.pdf | ||
| 999 |
_c348992 _d348992 |
||